000 00429nam a2200193Ia 4500
008 240510s9999 xx 000 0 und d
020 _a0000672306123
041 _aEng
082 _a006.6
082 _bM56
100 _aMORRISON, MIKE
245 4 _aTHE MAGIC OF COMPUTER GRAPHICS
260 _bINDIANA : SAMS
260 _c1995
300 _a474 p.
650 _aCOMPUTER GRAPHICS :
942 _2ddc
942 _cRBK
999 _c25770
_d25770
945 _a1
_bMadushi Gamage
_c1
_dMadushi Gamage